<?xml version="1.0" encoding="UTF-8"?>
<marc:record xmlns:marc="http://www.loc.gov/MARC21/slim">
   <marc:leader>00000nam a2200000 a 4500</marc:leader>
   <marc:datafield ind1="1" ind2=" " tag="100">
      <marc:subfield code="a">Mannion, Una</marc:subfield>
      <marc:subfield code="4">aut</marc:subfield>
      <marc:subfield code="e">Verfasser/-in</marc:subfield>
   </marc:datafield>
   <marc:datafield ind1="1" ind2=" " tag="100">
      <marc:subfield code="a">Handels, Tanja</marc:subfield>
      <marc:subfield code="4">trl</marc:subfield>
      <marc:subfield code="e">Übersetzer/-in</marc:subfield>
   </marc:datafield>
   <marc:datafield ind1="0" ind2="0" tag="245">
      <marc:subfield code="a">Sag mir, was ich bin</marc:subfield>
   </marc:datafield>
   <marc:datafield ind1="0" ind2="0" tag="245">
      <marc:subfield code="b">Roman</marc:subfield>
   </marc:datafield>
   <marc:datafield ind1="0" ind2="0" tag="245">
      <marc:subfield code="c">Una Mannion. Tanja Handels</marc:subfield>
   </marc:datafield>
   <marc:datafield ind1=" " ind2="1" tag="264">
      <marc:subfield code="a">Göttingen</marc:subfield>
      <marc:subfield code="b">Steidl Verlag</marc:subfield>
      <marc:subfield code="c">2024</marc:subfield>
   </marc:datafield>
   <marc:datafield ind1=" " ind2=" " tag="250">
      <marc:subfield code="a">2. Auflage</marc:subfield>
   </marc:datafield>
   <marc:datafield ind1="1" ind2=" " tag="520">
      <marc:subfield code="a">Deena Garvey ist spurlos verschwunden. Für ihre Schwester Nessa bricht eine Welt zusammen, denn Deenas Ex-Freund Lucas, den sie für Deenas Mörder hält, untersagt ihr nicht nur den Kontakt zu ihrer kleinen Nichte, sondern nimmt Ruby auch noch mit nach Vermont. Dort, in der ländlichen Abgeschiedenheit der Inseln im Lake Champlain, lernt Ruby, wie man jagt und fischt, das Land bestellt und sich um Hühner kümmert. Sie lernt, was ihren Vater stolz und was ihn wütend macht. An ihre frühe Kindheit in Philadelphia erinnert sie sich nicht mehr. Bis ihr eines Tages ein Foto ihrer Mutter in die Hände fällt, eine Botschaft ihrer Tante, die seit Jahren alles daransetzt, Lucas zur Verantwortung zu ziehen und ihre Nichte zu beschützen. Ein Schatz, der vor Lucas verborgen werden muss und der sie dazu bringt, die Geschichten ihres Vaters in Frage zu stellen.</marc:subfield>
   </marc:datafield>
   <marc:datafield ind1=" " ind2=" " tag="020">
      <marc:subfield code="a">9783969994030</marc:subfield>
      <marc:subfield code="9">9783969994030</marc:subfield>
   </marc:datafield>
   <marc:datafield ind1=" " ind2=" " tag="041">
      <marc:subfield code="a">ger</marc:subfield>
   </marc:datafield>
   <marc:datafield ind1="1" ind2=" " tag="521">
      <marc:subfield code="a">0</marc:subfield>
   </marc:datafield>
   <marc:datafield ind1=" " ind2=" " tag="300">
      <marc:subfield code="a">304 Seiten</marc:subfield>
   </marc:datafield>
</marc:record>
